000 00491nam a2200193Ia 4500
999 _c17923
_d17923
003 0100
005 20181002120317.0
008 130303s9999 xx 000 0 und d
040 _cARRUPELIB
050 _aCB235.A33 1996
100 _aAsante, Molefi Kete
_932401
245 _aAfrican Intellectual Heritage
_ba Book of Sources
_cMolefi Kete Asante and Abu S. Abarry
260 _aPhiladelphia
_bTemple University Press
_c1996
300 _axvi, 828p. ;
_c25cm.
650 _aAfrica
_xCivilization
_xSources
_942695
650 _aAfro-America
_xHistory
_xSources
_942696
942 0 0 _01
_2lcc
_cMONOGRAPH